000 00480cam a22001337a 4500
999 _c508583
_d508583
008 180718b1988 xxu||||| |||| 00| 0 eng d
082 _aB73064x5444 1988-89
100 _aKarnataka. Directorate of Economics and Statistics
_93568
245 _aYear book 1988-89
_cby Directorate of Economics and Statistics
260 _aBanglaore
_bThe Calcutta Municipal corporation
_c1989
300 _a101p.
650 _aCalcutta -- Politics and government -- Periodicals
_94001
942 _2ddc